Normale Ansicht MARC-Ansicht ISBD

Russkaja paleografija / (Titelsatznr. 3844)

[ MARC ]
MARC-Details
000 -Satzkennung
Kontrollfeld mit fester Länge 00484nam a22001931c 4500
001 - Kontrollnummer
Kontrollfeld tu003008457
008 - Feld mit fester Länge zur physischen Beschreibung - Allgemeine Angaben
Kontrollfeld mit fester Länge 051024s1956 gw a||| 000u rus d
041 ## - Sprachcode
Sprachcode des Textes/der Tonspur oder des separaten Titels rus
040 ## - Katalogisierungsquelle
Übertragungsstelle RU-10907106
003 - Kontrollnummer Identifier
Kontrollfeld RU-10907106
100 1# - Haupteintragung - Personenname
Personenname Čerepnin, Lev V.
245 00 - Titel
Titel Russkaja paleografija /
Verfasserangabe etc. L. V. Čerepnin
250 ## - Ausgabebezeichnung
Ausgabebezeichnung 1
264 ## - Produktion, Veröffentlichung, Distribution, Herstellung und Urheberrechtsvermerk
Herstellungs-, Veröffentlichungs- Vertriebs-, Erzeugungsort Moskva :
Produzent, Herausgeber, Distributor, Hersteller Gos. Izdat. Političeskoj Literatury,
Datum der Herstellung, der Veröffentlichung, des Vertriebs oder des Urheberschutzvermerks 1956
300 ## - Physische Beschreibung
Umfang 616 S. : Ill
650 #0 - Nebeneintragung unter einem Schlagwort - Sachschlagwort
Sachschlagwort oder geografischer Name als Eintragungselement Paläographie
650 #0 - Nebeneintragung unter einem Schlagwort - Sachschlagwort
Sachschlagwort oder geografischer Name als Eintragungselement Russisch
942 ## - Zusätzliche Felder (Koha)
Koha-Medientyp Monographien
Exemplare
Ausgeschieden Verloren Klassifikation oder Aufstellungssystematik Beschädigt Nicht entleihbar Heimatbibliothek Aufenthaltsbibliothek Aufstellungsort Erwerbungsdatum Inventarnummer Signatur Barcode Letzte Aktivität Letzte Ausleihe Preis gültig von Koha-Medientyp
    Andere/Generische Klassifikation     MWN Osteuropa MWN Osteuropa Lesesaal - 1 24/10/2005 05-07044 G 30 a 207 E004015073EB5E52 05/04/2023 18/02/2022 22/03/2021 Monographien